000 00577nam a22001817a 4500
005 20250319173257.0
008 250319b |||||||| |||| 00| 0 eng d
020 _a9783030723309
041 _aEng.
082 _a 658.5 IVA
100 _aDmitry, Ivanov
245 _aGlobal Supply Chain and Operations Management: A Decision-Oriented Introduction to the Creation of Value
250 _a3rd
260 _aCham
_bSpringer International Publishing
_c2019
300 _a673;. P. 24 cm
650 _aDecision Making; Operations Research; Production Management.
942 _cBK
999 _c43349
_d43349